| 000 | 03156cam a2200685 i 4500 | ||
|---|---|---|---|
| 001 | xx004858970 | ||
| 003 | NUKAT | ||
| 005 | 20260427104307.0 | ||
| 008 | 200512s2020 pl |001 0dpol c | ||
| 020 |
_a9788380988392 _q(oprawa twarda) : _czł 35,00 |
||
| 035 | _a(OCoLC)1156654866 | ||
| 035 | _a(NUKAT)xx004858970 | ||
| 040 |
_aKAT U/DL _bpol _erda _cKAT U/DLs _dKAT U/MP _dWA 392/MD _dWA 14/ABs _dOLSZT 008/bak |
||
| 041 | 1 |
_apol _beng _hlit |
|
| 045 | 2 |
_bd1867 _bd1935 |
|
| 046 | _k2020 | ||
| 245 | 0 | 0 |
_aBez emocji : _bpolsko-litewski dialog o Józefie Piłsudskim / _cpod redakcją Danuty Jastrzębskiej-Golonkowej, Alvydasa Nikžentaitisa, Włodzimierza Sulei i Tadeusza Wolszy ; Instytut Pamięci Narodowej. Komisja Ścigania Zbrodni Przeciwko Narodowi Polskiemu, Instytut Polski w Wilnie ; Instytut Historii Litwy. |
| 246 | 3 | 0 | _aPolsko-litewski dialog o Józefie Piłsudskim |
| 260 |
_aWarszawa : _bInstytut Pamięci Narodowej. Komisja Ścigania Zbrodni Przeciwko Narodowi Polskiemu, _c2020. |
||
| 300 |
_a352 strony ; _c25 cm. |
||
| 336 |
_aTekst _btxt _2rdacontent |
||
| 337 |
_aBez urządzenia pośredniczącego _bn _2rdamedia |
||
| 338 |
_aWolumin _bnc _2rdacarrier |
||
| 380 | _aKsiążki | ||
| 380 | _aPublikacje naukowe | ||
| 388 | 1 | _a2001- | |
| 504 | _aBibliografia przy rozdziałach. Indeks. | ||
| 546 | _aCzęść artykułów tłumaczona z języka litewskiego. Streszczenie w języku angielskim przy artykułach. Spis treści także w języku angielskim. | ||
| 600 | 1 | 7 |
_aPiłsudski, Józef _d(1867-1935) _2DBN _937024 |
| 600 | 1 | 7 |
_aPiłsudski, Józef _d(1867-1935). _2kaba _938287 |
| 600 | 1 | 7 |
_aPiłsudski, Józef _d(1867-1935) _xi Litwa. _2kaba _913590 |
| 600 | 1 | 7 |
_aPiłsudski, Józef _d(1867-1935) _xjęzyk. _2kaba _940617 |
| 600 | 1 | 7 |
_aPiłsudski, Józef _d(1867-1935) _xkrytyka i interpretacja. _2kaba _940618 |
| 600 | 1 | 7 |
_aPiłsudski, Józef _d(1867-1935) _xopinia publiczna. _2kaba _940619 |
| 648 | 7 |
_a1801-1900 _2DBN _936037 |
|
| 648 | 7 |
_a1901-1914 _2DBN _936038 |
|
| 648 | 7 |
_a1901-2000 _2DBN _934996 |
|
| 648 | 7 |
_a1914-1918 _2DBN _936040 |
|
| 648 | 7 |
_a1918-1939 _2DBN _936041 |
|
| 650 | 7 |
_aGenerałowie _2DBN _937520 |
|
| 650 | 7 |
_aPolitycy _2DBN _936070 |
|
| 650 | 7 |
_aŚwiadomość społeczna _2DBN _935235 |
|
| 650 | 7 |
_aŻołnierze _2DBN _935175 |
|
| 651 | 7 |
_aLitwa _2DBN _935756 |
|
| 651 | 7 |
_aPolska _2DBN _935076 |
|
| 655 | 7 |
_aBiografia _2DBN _935059 |
|
| 655 | 7 |
_aPraca zbiorowa _2DBN _935107 |
|
| 658 | _aHistoria | ||
| 700 | 1 |
_aJastrzębska-Golonka, Danuta. _eRedakcja _916264 |
|
| 700 | 1 |
_aNikžentaitis, Alvydas _d(1961- ). _eRedakcja _940614 |
|
| 700 | 1 |
_aSuleja, Włodzimierz _d(1948- ). _eRedakcja _932249 |
|
| 700 | 1 |
_aWolsza, Tadeusz _d(1956- ). _eRedakcja _940615 |
|
| 710 | 2 |
_aInstytut Pamięci Narodowej - Komisja Ścigania Zbrodni przeciwko Narodowi Polskiemu. _eInstytucja sprawcza _eWydawca _4pbl _911792 |
|
| 710 | 2 |
_aLenkijos Institutas (Wilno). _eInstytucja sprawcza _940616 |
|
| 710 | 2 |
_aLietuvos istorijos institutas. _eInstytucja sprawcza _916166 |
|
| 920 | _a978-83-8098-839-2 (oprawa twarda) : zł 35,00 | ||
| 942 |
_2ddc _cBK_NM |
||
| 999 |
_c27794 _d27794 |
||